Statistics for Alex Rider - Stormbreaker Trivia

Click here to take the quiz!

General Stats

  • This quiz has been taken 12 times
  • The average score is 9 of 20

Answer Stats

QueryAnswer% Correct
Main ProtagonistAlex Rider
100%
Who was the uncle of the protagonist?Ian Rider
83%
Who did the protagonist work for?MI6
75%
Main AntagonistHerod Sayle
67%
Supporting AntagonistYassen Gregorovich
67%
Who killed him?Yassen Gregorovich
67%
Where did the protagonist live?Chelsea (London)
58%
Who was the main antagonist’s butler?Mr. Grin
58%
Who did his bully become?Prime Minister
58%
What nationality was she?German
50%
How did she get killed?Stung by a jellyfish
50%
What kind of modified virus was placed
inside of the Stormbreaker computers?
Smallpox
42%
First Gadget given by SmithersYo-yo (which has a special type of nylon)
42%
Third Gadget given by SmithersNintendo DS
33%
Second Gadget given by SmithersZit-cream (which burns metal)
25%
How was he killed?Murder (Bullet Shower)
17%
Who is Sayle's assistant?Nadia Vole
17%
Why did the antagonist want to initiate
Operation Stormbreaker?
Bullying
8%
When did the protagonist leave for
Cornwall?
April 29
0%
What is Operation Stormbreaker?Mass massacre of school children
0%

Score Distribution

Percentile by Number Answered

Percent of People with Each Score

Your Score History

You have not taken this quiz